00371nam a2200133Ia 4500008004100000020001800041041001200059082002200071100002000093245005200113260003800165300001300203650002100216231217s9999 xx 000 0 und d a0-8247-6548-6 aEnglish a629.836 LAN;1 R aLandau, Yoan D. 0aAdaptive control : the model reference approach c1979bMarcel Dekker IncaNew York axix, 406 aAdaptive,control